Movilidad académica en América del Norte : hacia nuevos modelos de integración y colaboración (Record no. 73057)

MARC details
000 -CABECERA
campo de control de longitud fija 00689nam a2200241 a 4500
005 - FECHA Y HORA DE LA ÚLTIMA TRANSACCIÓN
campo de control 20210219153301.0
008 - ELEMENTOS DE LONGITUD FIJA--INFORMACIÓN GENERAL
campo de control de longitud fija 991125n 000 0 spa u
035 ## - NÚMERO DE CONTROL DEL SISTEMA
Número de control de sistema UPN01000088503
100 ## - ASIENTO PRINCIPAL--NOMBRE PERSONAL
Nombre de persona LEON GARCIA, Fernando
222 ## - TÍTULO CLAVE
Título clave EDUCACION GLOBAL
245 ## - MENCIÓN DE TÍTULO
Título Movilidad académica en América del Norte : hacia nuevos modelos de integración y colaboración
260 ## - PUBLICACIÓN, DISTRIBUCIÓN, ETC.
Lugar de publicación, distribución, etc. México
300 ## - DESCRIPCIÓN FÍSICA
Extensión 37-57
362 ## - FECHAS DE PUBLICACIÓN Y/O DESIGNACIÓN SECUENCIAL
Fecha de publicación y/o designación secuencial 2000 No. 4, abr.
653 0# - TERMINO DE INDIZACION - NO CONTROLADO
Término no controlado AMERICA DEL NORTE
653 0# - TERMINO DE INDIZACION - NO CONTROLADO
Término no controlado EDUCACION SUPERIOR
653 0# - TERMINO DE INDIZACION - NO CONTROLADO
Término no controlado INTEGRACION CULTURAL
653 0# - TERMINO DE INDIZACION - NO CONTROLADO
Término no controlado TLC
700 ## - ASIENTO SECUNDARIO--NOMBRE DE PERSONAL
Nombre de persona MATTHEWS, Dewayne, coaut.
700 ## - ASIENTO SECUNDARIO--NOMBRE DE PERSONAL
Nombre de persona SMITH, Lorna, coaut.
904 ## - ELEMENTOS DE DATOS D LOCAL, LDD (RLIN)
a AC
b 026314
905 ## - TIPO DE MATERIAL
Tipo de material Articulo

No items available.